1994 : (Registro nro. 16078)

000 -CABECERA
campo de control de longitud fija 01870nam a22003857a 4500
003 - IDENTIFICADOR DEL NÚMERO DE CONTROL
campo de control OSt
005 - FECHA Y HORA DE LA ÚLTIMA TRANSACCIÓN
campo de control 20260210164355.0
008 - DATOS DE LONGITUD FIJA--INFORMACIÓN GENERAL
campo de control de longitud fija 260210b ||||| |||| 00| 0 spa d
020 ## - NÚMERO INTERNACIONAL ESTÁNDAR DEL LIBRO
Número Internacional Estándar del Libro 9786289506969
040 ## - FUENTE DE LA CATALOGACIÓN
Centro/agencia transcriptor CO-Mq BPB
041 0# - CÓDIGO DE LENGUA
Código de lengua original spa
043 ## - CÓDIGO DE ÁREA GEOGRÁFICA
Código de área geográfica s-ck---
082 04 - NÚMERO DE LA CLASIFICACIÓN DECIMAL DEWEY
Número de clasificación 791.43
Número de documento/Ítem R65m
100 10 - ENTRADA PRINCIPAL--NOMBRE DE PERSONA
Nombre de persona Romero Vega, Iván Darío
Término indicativo de función/relación aut
9 (RLIN) 285883
245 10 - MENCIÓN DE TÍTULO
Título 1994 :
Resto del título el primer año del resto de nuestras vidas /
Mención de responsabilidad, etc. Iván Darío Romero Vega... [y otros cinco].
246 33 - FORMA VARIANTE DE TÍTULO
Título propio/Titulo breve Mil novecientos noventa y cuatro
Resto del título el primer año del resto de nuestras vidas
250 ## - MENCIÓN DE EDICIÓN
Mención de edición Primera edición
264 #1 - PRODUCCIÓN, PUBLICACIÓN, DISTRIBUCIÓN, FABRICACIÓN Y COPYRIGHT
Producción, publicación, distribución, fabricación y copyright Bogotá, Colombia :
Nombre del de productor, editor, distribuidor, fabricante RTVC,
Fecha de producción, publicación, distribución, fabricación o copyright 2023
300 ## - DESCRIPCIÓN FÍSICA
Extensión 219 páginas :
Otras características físicas ilustraciones, fotografías a color y en blanco y negro, tapa rustica;
Dimensiones 26 cm
336 ## - TIPO DE CONTENIDO
Fuente rdacontent
Término de tipo de contenido texto
Código de tipo de contenido txt
337 ## - TIPO DE MEDIO
Fuente rdamedia
Nombre/término del tipo de medio sin mediación
Código del tipo de medio n
338 ## - TIPO DE SOPORTE
Fuente rdacarrier
Nombre/término del tipo de soporte volumen
Código del tipo de soporte nc
504 ## - NOTA DE BIBLIOGRAFÍA, ETC.
Nota de bibliografía, etc. Incluye bibliografía e índice de imágenes
505 0# - NOTA DE CONTENIDO CON FORMATO
Título ¿Cuáles fueron los acontecimientos políticos, económicos, sociales y culturales que precedieron la década de los años noventa?
-- ¿Cómo transcurrió el año 1994 en materia electoral, política y económica?
-- ¿Cuáles fueron los principales sucesos en los medios de comunicación y la cultura impresa en 1994?
-- ¿Cómo era la escena nacional deportiva y quiénes fueron los protagonistas durante el año 1994?
521 ## - NOTA DE PÚBLICO DESTINATARIO
Nota de público destinatario Recomendado para un público adulto
650 17 - PUNTO DE ACCESO ADICIONAL DE MATERIA--TÉRMINO DE MATERIA
Término de materia o nombre geográfico como elemento de entrada Cine Documental
Subdivisión geográfica Colombia
Fuente del encabezamiento o término lemb
9 (RLIN) 66061
650 17 - PUNTO DE ACCESO ADICIONAL DE MATERIA--TÉRMINO DE MATERIA
Término de materia o nombre geográfico como elemento de entrada Televisión
Subdivisión general Historia
Subdivisión geográfica Colombia
Fuente del encabezamiento o término lemb
9 (RLIN) 323103
651 #0 - PUNTO DE ACCESO ADICIONAL DE MATERIA--NOMBRE GEOGRÁFICO
Nombre geográfico Colombia
Subdivisión general Historia
-- Documentación
9 (RLIN) 325436
700 10 - PUNTO DE ACCESO ADICIONAL--NOMBRE DE PERSONA
Nombre de persona Arias Escobar, Felipe
Término indicativo de función/relación aut
9 (RLIN) 170295
700 10 - PUNTO DE ACCESO ADICIONAL--NOMBRE DE PERSONA
Nombre de persona Castro Suárez, María Alexandra
Término indicativo de función/relación aut
9 (RLIN) 285889
700 10 - PUNTO DE ACCESO ADICIONAL--NOMBRE DE PERSONA
Nombre de persona Cembrano, Santiago
Término indicativo de función/relación aut
9 (RLIN) 285890
700 10 - PUNTO DE ACCESO ADICIONAL--NOMBRE DE PERSONA
Nombre de persona Ochoa Flórez, Antonio
Término indicativo de función/relación aut
9 (RLIN) 170296
700 10 - PUNTO DE ACCESO ADICIONAL--NOMBRE DE PERSONA
Nombre de persona Vera Jaramillo, Laura
Término indicativo de función/relación aut
9 (RLIN) 285886
942 ## - ELEMENTOS DE PUNTO DE ACCESO ADICIONAL (KOHA)
Fuente del sistema de clasificación o colocación
Tipo de ítem Koha Libro
Existencias
Estado de retiro Estado de pérdida Fuente del sistema de clasificación o colocación Estado dañado No para préstamo Código de colección Localización permanente Ubicación/localización actual Ubicación en estantería Fecha de adquisición Fuente de adquisición Número de inventario Total de préstamos Signatura topográfica completa Código de barras Fecha visto por última vez Número de copia Precio válido a partir de Tipo de ítem Koha Nota pública
          Colección General Biblioteca Pública San Juan Bosco Biblioteca Pública San Juan Bosco Colección General 10/02/2026 Donación Min. Cultura 2025 NT   791.43 R65m MOS504560 10/02/2026 Ej.1 10/02/2026 Libro Ocho días

© Todos los derechos reservados para la Biblioteca Pública Municipal San Juan Bosco, 2020
Secretaria de Cultura de Mosquera
Carrera 3 N° 10 Esquina Centro Cultural Barrio El Carmén Teléfono: 8270830 Ext: 34
Funcionando con KOHA
Contacto: Biblioteca Pública Municipal San Juan Bosco/ bibliotecasanjuanbosco@mosquera-cundinamarca.gov.co
Mosquera, Cundinamarca